| 000 | 01648cam a2200373 a 4500 | ||
|---|---|---|---|
| 001 | 14700406 | ||
| 005 | 20090402132623.0 | ||
| 008 | 070117s2007 nyua b 001 0 eng | ||
| 010 | _a 2007060083 | ||
| 015 |
_aGBA756001 _2bnb |
||
| 016 | 7 |
_a013795552 _2Uk |
|
| 020 | _a9781403984494 | ||
| 020 | _a1403984492 | ||
| 035 | _a(OCoLC)ocm82368066 | ||
| 035 |
_a(OCoLC)82368066 _z(OCoLC)156891204 |
||
| 040 |
_aDLC _cDLC _dBAKER _dBTCTA _dC#P _dUKM _dYDXCP _dDLC |
||
| 050 | 0 | 0 |
_aJC311 _b.W656 2007 |
| 082 | 0 | 0 |
_a320.54 _222 _bWOO |
| 100 | 1 |
_aWoodwell, Douglas. _98155 |
|
| 245 | 1 | 0 |
_aNationalism in international relations : _bNorms, foreign policy, and enmity / _cDouglas Woodwell. |
| 260 |
_aNew York : _bPalgrave Macmillan, _cc2007. |
||
| 300 |
_a223 p. : _bill. ; _c25 cm. |
||
| 490 | 0 | _aAdvances in foreign policy analysis ; | |
| 504 | _aIncludes bibliographical references and index. | ||
| 650 | 0 |
_aNationalism. _98156 |
|
| 650 | 0 |
_aTransborder ethnic groups. _98157 |
|
| 650 | 0 |
_aInternational relations. _98158 |
|
| 856 | 4 | 2 |
_3Contributor biographical information _uhttp://www.loc.gov/catdir/enhancements/fy0709/2007060083-b.html |
| 856 | 4 | 2 |
_3Publisher description _uhttp://www.loc.gov/catdir/enhancements/fy0709/2007060083-d.html |
| 856 | 4 | 1 |
_3Table of contents only _uhttp://www.loc.gov/catdir/enhancements/fy0709/2007060083-t.html |
| 942 |
_2ddc _cBB |
||
| 999 |
_c12430 _d12430 |
||